| 000 | 00551nam a2200205Ia 4500 | ||
|---|---|---|---|
| 005 | 20140407131810.0 | ||
| 008 | 140130s9999 xx 000 0 und d | ||
| 020 | _a059052285X | ||
| 050 |
_aQC 966.5 _b.H66 1999 |
||
| 100 |
_aHopping, Jean Lorraine. _931441 |
||
| 245 |
_cLorraine Jean Hopping. _aLightning! / |
||
| 260 |
_bScholastic Inc., _c1999. _aUSA : |
||
| 300 |
_a46 p. : _bcol. ill. ; _c23 cm. |
||
| 440 | _v1 | ||
| 521 | _aG4 | ||
| 526 | _c600 | ||
| 650 |
_aLightning _xJuvenile Literatture _931442 |
||
| 942 |
_cBK _2lcc |
||
| 999 |
_c42070 _d42070 |
||